=LDR 00000nam 2200000 4500 =001 001144 =005 20250714093631 =035 ##$$a 0010-0725001028 =007 ta =008 250714################a##########0#ind## =020 ##$$a 978-623-472-055-6 =082 ##$$a 398.209 598 =084 ##$$a 398.209 598 MIT i =100 #$$a Mitralal pangyani =245 1#$$a Ibu, tolong panggilkan burung itu! /$c Mitralal pangyani =250 ##$$a Cetakan pertama =260 ##$$a Rawamangun :$b Badan pengembangan dan pembinaan bahasa,$c 2022 =300 ##$$a 24hlm. : $b Ilus. ; $c 22,9cm =650 #4$$a Cerita anak indonesia-terjemahan